Azimut. matemáticas, 8º E.G.B.
Gespeichert in:
| 1. Verfasser: | |
|---|---|
| Format: | Buch |
| Sprache: | Spanisch |
| Erschienen: |
Madrid
Anaya
1984
|
| Katalog: | MANES: Suchergebnis im Bibliothekskatalog |
| Schulbuchspezifische Eigenschaften: |
|
| Tags: |
Tag hinzufügen
Keine Tags, Fügen Sie den ersten Tag hinzu!
|
| Hinzugefügt zu: | 20.05.2019 |
| Geändert in: | 07.05.2025 |
MARC
| LEADER | 00000nam a2200000Ia 4500 | ||
|---|---|---|---|
| 003 | aOSt | ||
| 005 | 20250507133411.0 | ||
| 008 | 190521s9999 xx 000 0 spa d | ||
| 561 | |5 es-CICE |3 FMa/M59 |a España. Centro Internacional de la Cultura Escolar |k MANES | ||
| 999 | |c 104591 |d 104591 | ||
| 040 | |c Centro_internacional de la cultura escolar |a centro_manes | ||
| 100 | |a Amiguet García, Ramón. Autor |9 4127 | ||
| 245 | 1 | 1 | |a Azimut. matemáticas, 8º E.G.B. |
| 260 | |a Madrid |b Anaya |c 1984 | ||
| 300 | |a 285 p. |c 28 x 18.5 cm | ||
| 500 | |a Contiene ilustraciones a color y ejercicios para el alumno. | ||
| 546 | |a España | ||
| 690 | 0 | |a MATE | |
| 691 | 0 | |a PRI | |
| 942 | |c BK |2 ddc | ||
| 999 | |c manes:104591 |d 104591 | ||